Recent advances in plant biology : (Record no. 4300)

MARC details
000 -LEADER
fixed length control field 00880nam a2200265 a 4500
001 - CONTROL NUMBER
control field BD-DhSAU 4300
003 - CONTROL NUMBER IDENTIFIER
control field BD-DhSAU
005 - DATE AND TIME OF LATEST TRANSACTION
control field 20150216120540.0
008 - FIXED-LENGTH DATA ELEMENTS--GENERAL INFORMATION
fixed length control field 920508s1991 ii ab b 011 0 eng
020 ## - INTERNATIONAL STANDARD BOOK NUMBER
International Standard Book Number 8185375186
040 ## - CATALOGING SOURCE
Original cataloging agency BD-DhSAU
082 00 - DEWEY DECIMAL CLASSIFICATION NUMBER
Classification number 574
Edition number 22
Item number FER
245 00 - TITLE STATEMENT
Title Recent advances in plant biology :
Remainder of title Dr. R.N. Kapil felicitation volume /
Statement of responsibility, etc. edited by C.P. Malik, Y.P. Abrol.
260 ## - PUBLICATION, DISTRIBUTION, ETC. (IMPRINT)
Place of publication, distribution, etc. Delhi, India :
Name of publisher, distributor, etc. Narendra Pub. House ,
Date of publication, distribution, etc. 1991.
300 ## - PHYSICAL DESCRIPTION
Extent xxvii, 404 p. :
Other physical details ill., maps ;
Dimensions 25 cm.
500 ## - GENERAL NOTE
General note Festschrift honoring R.N. (Ravinder Nath) Kapil, b. 1929, Indian scientist; contributed articles.
504 ## - BIBLIOGRAPHY, ETC. NOTE
Bibliography, etc Includes index and bibliographical references.
590 ## - Name of Cataloguer
Name of Cataloger IMRAN
650 #0 - SUBJECT ADDED ENTRY--TOPICAL TERM
Topical term or geographic name as entry element Botany.
650 #0 - SUBJECT ADDED ENTRY--TOPICAL TERM
Topical term or geographic name as entry element Botany
General subdivision Research.
700 1# - ADDED ENTRY--PERSONAL NAME
Personal name Kapil, R. N.
700 1# - ADDED ENTRY--PERSONAL NAME
Personal name Malik, C. P.
700 1# - ADDED ENTRY--PERSONAL NAME
Personal name Abrol, Y. P.,
740 0# - ADDED ENTRY--UNCONTROLLED RELATED/ANALYTICAL TITLE
Uncontrolled related/analytical title Plant biology.
942 ## - ADDED ENTRY ELEMENTS (KOHA)
Source of classification or shelving scheme Dewey Decimal Classification
Koha item type Book
Holdings
Withdrawn status Lost status Source of classification or shelving scheme Damaged status Not for loan Home library Branch Name Shelving location Date acquired Total Checkouts Full call number Barcode Date last seen Price effective from Koha item type
    Dewey Decimal Classification     SAU Library SAU Library General Stacks 24/06/1992   574 FER 19933 16/02/2015 16/02/2015 Book
    Dewey Decimal Classification     SAU Library SAU Library General Stacks 24/06/1992   574 FER 19935 16/02/2015 16/02/2015 Book
    Dewey Decimal Classification   Not For Loan SAU Library SAU Library Reference 23/06/1992   574 FER 19932 17/05/2015 17/05/2015 Book